01678nam a22002652a 450000100060000000300080000600500170001400800410003103500190007204000270009104100080011808200200012624501130014625000270025926000400028630000200032649000390034650005940038550400500097950502670102965000210129670000380131770000220135583000350137730610BD-RjUL20211209051605.0140410t1952 enk b 001 0 eng d a(BD-RjUL)30696 aDLCbengcDLCdBD-RjUL aeng04a181.4bCON 195210aContemporary Indian philosophy /cby M. K. Gandhi [and others] edited by S. Radhakrishnan and J. H. Muirhead a[Rev. 2d and enl. ed.] aLondon :bG. Allen & Unwin,c[1952] a648 p. ;c23 cm1 aThe Muirhead library of philosophy aHirlyanna, M. The problem of truth.--Humayun Kabir. Freedom, authority and imagination.--Maitra, S. K. Outlines of an emergent theory of values.--Malkani, G. R. Freedom through knowledge.--Mukerji A. C. Suggestions for a idealistic theory of knowledge.--Murti, T. R. V. The spirit of philosophy.--Radhakrishnan, S. The spirit in man.--Raju, P. T. The inward absolute and the activism of the finite self.--Ranade, R. D. The evolution of my own thought.--Sharif, M. M. Dialectical monadism.--Subrahmanya Iyer, V. Man's interest in philosophy: an Indian view.--Wadia, A. R. Pragmatic idealism aIncludes bibliographical reference and index.0 aGandhi, M. K. [Answers to three questions]--Tagore, R. The religion of an artist.--Abhedānanda, Swāmi. Hindu philosophy in India.--Bhattacharyya, H. The principle of activism.--Bhattacharyya, K. C. The concept of philosophy.--Chatterji, G. C. Common-sense em 0aHindu philosophy1 aMuirhead, Jean Henry,d1855-1940.1 aRadhakrishnan, S. 0aMuirhead library of philosophy